000 00589nam a2200253Ia 4500
008 210210b1923 xxu||||| |||| 00| 0 eng d
041 _aeng
082 _a335/214
100 _aMORELAND (W H)
245 _aFrom Akbar to Aurangazeb: a study of Indian economic history
260 _aLondon
_bMacmillan & Co. Ltd.
_c1923
650 _ato
650 _astudy
650 _aof
650 _aIndian
650 _ahistory
650 _aFrom
650 _aeconomic
650 _aAurangazeb:
650 _aAkbar
650 _aa
690 _aIndian Economics
906 _a004556
999 _c126240
_d126240